Transformácia finančnej architektúry sveta

Guardado en:
Detalles Bibliográficos
Autor principal: Kozlík, Sergej
Formato: Libro
Lenguaje:eslovaco
Publicado: Brussels European Parliament 2010
Materias:
Etiquetas: Agregar Etiqueta
Sin Etiquetas, Sea el primero en etiquetar este registro!

MARC

LEADER 00000nam a2200000 4500
001 0128965
005 20240404080321.4
041 0 |a slo 
044 |a BE 
245 1 0 |a Transformácia finančnej architektúry sveta  |c Sergej Kozlík 
264 1 |a Brussels  |b European Parliament  |c 2010 
300 |a 48 s. 
610 2 0 |a politika finančná 
610 2 0 |a hospodárstvo svetové 
610 2 0 |a organizácie hospodárske 
610 2 0 |a kríza finančná 
610 2 0 |a kontrola finančná 
610 2 0 |a kríza hospodárska 
610 2 0 |a zadlženosť 
610 2 0 |a Európska centrálna banka 
610 2 0 |a Európska únia 
100 1 |a Kozlík, Sergej